The contribution to fish intake,aquaculture,and small-scale fisheries to improving food and nutrition security: (Record no. 1470)

MARC details
000 -LEADER
fixed length control field 00702nam a22002057a 4500
005 - DATE AND TIME OF LATEST TRANSACTION
control field 20241204101828.0
008 - FIXED-LENGTH DATA ELEMENTS--GENERAL INFORMATION
fixed length control field 240705b |||||||| |||| 00| 0 eng d
040 ## - CATALOGING SOURCE
Original cataloging agency KMU
Transcribing agency KMU
Modifying agency KMU
Description conventions rda
050 ## - LIBRARY OF CONGRESS CALL NUMBER
Classification number SH 302.7
100 ## - MAIN ENTRY--PERSONAL NAME
Personal name Kawarazuka,Naomi
245 ## - TITLE STATEMENT
Title The contribution to fish intake,aquaculture,and small-scale fisheries to improving food and nutrition security:
Remainder of title A literature review/
Statement of responsibility, etc. Naomi Kawazuka
260 ## - PUBLICATION, DISTRIBUTION, ETC.
Place of publication, distribution, etc. Malaysia:
Date of publication, distribution, etc. WordFish Center,
Name of publisher, distributor, etc. 2010.
300 ## - PHYSICAL DESCRIPTION
Extent 51 p.:
Other physical details ill.;
Dimensions 28cm
490 ## - SERIES STATEMENT
Series statement The WorldFish Center working paper No.2106.
600 ## - SUBJECT ADDED ENTRY--PERSONAL NAME
Titles and other words associated with a name WorldFish Center
600 ## - SUBJECT ADDED ENTRY--PERSONAL NAME
Titles and other words associated with a name Aquaculture
600 ## - SUBJECT ADDED ENTRY--PERSONAL NAME
Titles and other words associated with a name Nutrition Security
600 ## - SUBJECT ADDED ENTRY--PERSONAL NAME
Titles and other words associated with a name Small-scale Fisheries
942 ## - ADDED ENTRY ELEMENTS (KOHA)
Source of classification or shelving scheme Library of Congress Classification
Koha item type Non-Fiction
Suppress in OPAC No
Holdings
Withdrawn status Lost status Source of classification or shelving scheme Damaged status Not for loan Collection Home library Current library Shelving location Date acquired Source of acquisition Total Checkouts Full call number Barcode Date last seen Price effective from Koha item type
    Library of Congress Classification     Non-fiction Kapasa Makasa University Kapasa Makasa University Open Access 04.12.2024 CBU   SH 320.7 Kaw 742545 04.12.2024 04.12.2024 Non-Fiction